000 00303nam a22001337a 4500
008 170208b xxu||||| |||| 00| 0 eng d
020 _a9780536739520
041 _aeng
080 _23RD
_a61
100 _a4
101 _aSHM
245 _aA COURSE IN MEDICAL TERMINOLOGY
_cTEBBEN, J.R
942 _2udc
_cBK
999 _c4930
_d4930